Statistiques concernant les acteurs les plus sexy

Cliquez ici pour prendre le quiz!

Statistiques générales

  • Ce quiz a été pris 116 fois
  • Le résultat moyen est 8 sur 20

Statistiques - réponses

HintRéponse% Correct
TitanicLeonardo Dicaprio
87%
Fight ClubBrad Pitt
83%
TwilightRobert Pattinson
73%
Edward aux mains d'argentJohnny Depp
66%
La La LandRyan Gosling
64%
Call me by your nameTimothée Chalamet
61%
FivePierre Niney
55%
La FlammeJonathan Cohen
54%
L'arnacœurRomain Duris
43%
DivergenteTheo James
39%
Bac NordFrançois Civil
38%
EuphoriaJacob Elordi
37%
Don't Worry DarlingHarry Styles
36%
Mon RoiVincent Cassel
33%
DrunkMadds Mikkelsen
19%
Juste la fin du MondeGaspard Ulliel
16%
Un ProphèteTahar Rahim
14%
Illusions perduesBenjamin Voisin
11%
Les Chansons d'amourLouis Garrel
5%
En TherapiePio Marmai
4%

Distribution des résultats

Percentile par nombre de réponses

% des personnes avec chaque résultat

Votre développement - résultats

Vous n’avez pas pris ce quiz